Подробности
| 000 -МАРКЕР |
| контрольное поле |
03255nam0a2200445 4500 |
| 001 - ИДЕНТИФИКАТОР ЗАПИСИ |
| контрольное поле |
RU\NLR\bibl\1458576 |
| 005 - ИДЕНТИФИКАТОР ВЕРСИИ |
| контрольное поле |
20260406041835.0 |
| 010 ## - МЕЖДУНАРОДНЫЙ СТАНДАРТНЫЙ НОМЕР КНИГИ (ISBN) |
| Номер (ISBN) |
978-5-8268-1289-1 |
| Тираж |
500 |
| 021 ## - НОМЕР ГОСУДАРСТВЕННОЙ РЕГИСТРАЦИИ |
| Код страны |
российская федерация |
| Номер |
2009-85248 |
| Номер Листа государственной регистраци |
5364 |
| 035 ## - ДРУГИЕ СИСТЕМНЫЕ НОМЕРА |
| Идентификатор записи |
(NLR Aleph) 001450356 |
| 100 ## - ДАННЫЕ ОБЩЕЙ ОБРАБОТКИ |
| Данные общей обработки |
20100111d2008 |||y0rusy50 ca |
| 101 0# - ЯЗЫК РЕСУРСА |
| Язык текста, звукозаписи и т.д. |
русский |
| Язык оригинала |
английский |
| 102 ## - СТРАНА ПУБЛИКАЦИИ ИЛИ ПРОИЗВОДСТВА |
| Страна публикации |
российская федерация |
| 105 ## - ПОЛЕ КОДИРОВАННЫХ ДАННЫХ: ТЕКСТОВЫЕ МАТЕРИАЛЫ, МОНОГРАФИЧЕСКИЕ |
| Кодированные данные о монографическом текстовом документе |
a ||||||||| |
| 200 1# - ЗАГЛАВИЕ И СВЕДЕНИЯ ОБ ОТВЕТСТВЕННОСТИ |
| Основное заглавие |
Культура народов и национальных групп Сибири и Казахстана |
| Параллельное заглавие |
The culture of peoples and nationalgroups of Siberia and Kazakhstan |
| Сведения, относящиеся к заглавию |
в коллекциях Музея археологии и этнографии Омского государственного университета имени Ф. М. Достоевского. Новые поступления |
| Язык параллельного заглавия |
английский |
| Первые сведения об ответственности |
А. Н. Блинова, М. А. Корусенко, М. Н. Тихомирова |
| Последующие сведения об ответственности |
отв. ред.: д. ист. н. Н. А. Томилов, к. ист. н. М. А. Корусенко |
| -- |
Рос. акад. наук, Сиб. отд-ние, Ин-т археологии и этнографии, Омск. фил. [и др.] |
| 210 ## - ПУБЛИКАЦИЯ, РАСПРОСТРАНЕНИЕ И ДР. |
| Место издания, распространения и т.д. |
Новосибирск |
| Имя издателя, распространителя и т. д. |
Полиграфист |
| Дата издания, распространения и т.д. |
2008 |
| 215 ## - ФИЗИЧЕСКАЯ ХАРАКТЕРИСТИКА |
| Специфическое обозначение материала и объем |
269, [2] с. |
| Другие сведения о физической характеристике |
ил. |
| Размеры |
21 |
| 225 1# - СЕРИЯ |
| Основное заглавие серии |
Культура народов мира в этнографических собраниях российских музеев |
| Сведения об ответственности |
гл. ред.: акад., д. ист. н. Н. А. Томилов (гл. ред.) [и др.] |
| 300 ## - ОБЩИЕ ПРИМЕЧАНИЯ |
| Текст примечания |
Авт. также на англ. яз.: A. N. Blinova, M. A. Korusenko, M. N. Tikomirova |
| 300 ## - ОБЩИЕ ПРИМЕЧАНИЯ |
| Текст примечания |
В надзаг. также: М-во образования и науки Рос. Федерации, Омск. гос. ун-т им. Ф. М. Достоевского, М-во культуры Рос. Федерации, Рос. ин-т культурологии, Сиб. фил. |
| 300 ## - ОБЩИЕ ПРИМЕЧАНИЯ |
| Текст примечания |
Рез. на англ. яз. |
| 320 ## - ПРИМЕЧАНИЯ О НАЛИЧИИ В ДОКУМЕНТЕ БИБЛИОГРАФИИ / УКАЗАТЕЛЯ |
| Текст примечания |
Библиогр. в подстроч. примеч. |
| 320 ## - ПРИМЕЧАНИЯ О НАЛИЧИИ В ДОКУМЕНТЕ БИБЛИОГРАФИИ / УКАЗАТЕЛЯ |
| Текст примечания |
Указатели: предметный, именной дарителей, именной собирателей, геогр.: с. 256-264 |
| 510 1# - ПАРАЛЛЕЛЬНОЕ ЗАГЛАВИЕ |
| Связь между полями |
z33790 |
| Параллельное заглавие |
The culture of peoples and nationalgroups of Siberia and Kazakhstan |
| Язык заглавия |
английский |
| 606 1# - НАИМЕНОВАНИЕ ТЕМЫ КАК ПРЕДМЕТ |
| Наименование темы |
Народы Сибири |
| Тематический подзаголовок |
Этнографические коллекции |
| Географический подзаголовок |
Омск, город |
| Системный номер авторитетной/нормативной записи |
2435169 |
| Идентификатор авторитетной/нормативной записи |
RU\NLR\auth\661449130 |
| 606 1# - НАИМЕНОВАНИЕ ТЕМЫ КАК ПРЕДМЕТ |
| Наименование темы |
Народы Казахстана |
| Тематический подзаголовок |
Этнографические коллекции |
| Географический подзаголовок |
Омск, город |
| Системный номер авторитетной/нормативной записи |
2435171 |
| Идентификатор авторитетной/нормативной записи |
RU\NLR\auth\661449131 |
| 686 ## - ИНДЕКСЫ ДРУГИХ КЛАССИФИКАЦИЙ |
| Индекс |
Т52(251)л6 |
| 686 ## - ИНДЕКСЫ ДРУГИХ КЛАССИФИКАЦИЙ |
| Индекс |
Т52(257)л6 |
| 700 #1 - ИМЯ ЛИЦА - ПЕРВИЧНАЯ ОТВЕТСТВЕННОСТЬ |
| Код отношения |
Автор |
| Материалы, к которым относится поле |
rus |
| Графика поля |
Кириллица |
| Начальный элемент ввода |
Блинова |
| Часть имени, кроме начального элемента ввода |
А. Н. |
| Расширение инициалов личного имени |
Анна Николаевна |
| Идентификатор авторитетной/нормативной записи |
RU\NLR\AUTH\7784775 |
| Системный номер авторитетной/нормативной записи |
67703 |
| 701 #1 - ИМЯ ЛИЦА - АЛЬТЕРНАТИВНАЯ ОТВЕТСТВЕННОСТЬ |
| Код отношения |
Автор |
| Материалы, к которым относится поле |
rus |
| Графика поля |
Кириллица |
| Начальный элемент ввода |
Корусенко |
| Часть имени, кроме начального элемента ввода |
М. А. |
| Расширение инициалов личного имени |
Михаил Андреевич |
| Идентификатор авторитетной/нормативной записи |
RU\NLR\AUTH\772188 |
| Системный номер авторитетной/нормативной записи |
112204 |
| 701 #1 - ИМЯ ЛИЦА - АЛЬТЕРНАТИВНАЯ ОТВЕТСТВЕННОСТЬ |
| Код отношения |
Автор |
| Материалы, к которым относится поле |
rus |
| Графика поля |
Кириллица |
| Начальный элемент ввода |
Тихомирова |
| Часть имени, кроме начального элемента ввода |
М. Н. |
| Дополнения к именам, кроме дат |
историк |
| Даты |
1977- |
| Расширение инициалов личного имени |
Марина Николаевна |
| Идентификатор авторитетной/нормативной записи |
RU\NLR\AUTH\7759029 |
| Системный номер авторитетной/нормативной записи |
41961 |
| 790 #1 - ИМЯ ЛИЦА - АЛЬТЕРНАТИВНАЯ ФОРМА |
| Код отношения |
Автор |
| Материалы, к которым относится поле |
rus |
| Графика поля |
Латинская |
| Начальный элемент ввода |
Blinova |
| Часть имени, кроме начального элемента ввода |
A. N. |
| Расширение инициалов личного имени |
Anna Nikolaevna |
| Идентификатор авторитетной/нормативной записи |
RU\NLR\AUTH\7784785 |
| Системный номер авторитетной/нормативной записи |
67713 |
| 801 #0 - ИСТОЧНИК ЗАПИСИ |
| Страна |
российская федерация |
| Организация |
NLR |
| Дата составления |
20100111 |
| Правила каталогизации |
RCR |
| 801 #1 - ИСТОЧНИК ЗАПИСИ |
| Страна |
российская федерация |
| Организация |
NLR |
| Дата составления |
20100111 |
| 830 ## - ОБЩЕЕ ПРИМЕЧАНИЕ, СОСТАВЛЕННОЕ КАТАЛОГИЗАТОРОМ |
| Текст примечания |
авт. по кн. |
| 942 ## - ДОПОЛНИТЕЛЬНЫЕ ЭЛЕМЕНТЫ ЗАПИСИ (АБИС) |
| Тип экземпляра АБИС |
Книга |
| 980 ## - КОЛЛЕКЦИЯ |
| Название коллекции |
Национальная библиография |